| 000 | 00497nam a2200145Ia 4500 | ||
|---|---|---|---|
| 008 | 170221s9999 xx 000 0 und d | ||
| 100 | _aAnna P. Rabets | ||
| 245 | _aDamage Done by Animals: Legal Qualification under Russian Law, Risk Management | ||
| 245 | _cAnna P. Rabets, Tatiana Yu. Kareva | ||
| 260 | _bInternational Review of Management and Marketing | ||
| 260 | _c2016 | ||
| 300 | _a6 : 6S | ||
| 650 | _xMarketing. | ||
| 856 | _uhttp://www.econjournals.com/index.php/irmm/issue/view/86 | ||
| 999 |
_c308172 _d308172 |
||